000 00407nam a22001817a 4500
003 MPLRDC
005 20220104143101.0
008 210129b ||||| |||| 00| 0 eng d
020 _a7-80521-064-0
082 _a855 YG
100 _a徐刚著
245 _a夜行笔记
_c
250 _a一版一刷
260 _a
_b广东旅游出版社
_c1989
300 _b
650 _a
942 _cBK
_o855 YG
999 _c36462
_d36452